000 00616nam a2200193Ia 4500
003 GCL
008 140319s9999 xx 000 0 ara d
040 _aGCL /
_cGCL
082 0 4 _a895.1
_bن ر
100 1 _aميشال سليمان
245 1 0 _aرياح السيا:ملحمة شعرية /
_cميشال سليمان
700 1 _aعبدالوهاب البياتى
700 1 _aنيرودا, بابلو
300 _a96 ص
490 _aمجموعة المعارف الشعرية
_v0
650 0 4 _aالادب الصينى المترجم
650 0 4 _aالشعر الصينى المترجم
942 _2ddc
_cBK
999 _c47255
_d47255